[Event "Perth AUS Open"]
[Site "?"]
[Date "2023.01.02"]
[Round "1.1"]
[White "Tin Jingyao"]
[Black "Allison, Brian C"]
[Result "1-0"]
[WhiteElo "2598"]
[BlackElo "1624"]
[PlyCount "55"]
[EventDate "2023.01.??"]
[EventRounds "11"]
[EventCountry "AUS"]
[SourceVersionDate "2023.01.02"]

1. Nf3 f5 2. g3 e6 3. Bg2 Nf6 4. O-O Be7 5. d3 O-O 6. c4 c6 7. a3 d6 8. b4 e5 9. Nc3 Nbd7 10. Rb1 d5 11. cxd5 e4 12. dxe4 fxe4 13. Ng5 Nxd5 14. Nxd5 Bxg5 15. Bxg5 Qxg5 16. Nc7 Rb8 17. Ne6 Qe5 18. Qb3 Nf6 19. Nxf8+ Kxf8 20. Rfd1 Be6 21. Qe3 Nd5 22. Qc5+ Ke8 23. b5 Bd7 24. bxc6 Bxc6 25. Rb4 Kf7 26. Rxe4 Qb2 27. Qd6 Ra8 28. Rxd5 1-0

[Event "Perth AUS Open"]
[Site "?"]
[Date "2023.01.02"]
[Round "1.2"]
[White "Hernandez Mendez, Iker"]
[Black "Kuybokarov, Temur"]
[Result "0-1"]
[WhiteElo "1611"]
[BlackElo "2558"]
[PlyCount "50"]
[EventDate "2023.01.??"]
[EventRounds "11"]
[EventCountry "AUS"]
[SourceVersionDate "2023.01.02"]

1. e4 c5 2. d4 cxd4 3. c3 dxc3 4. Nxc3 e6 5. Nf3 a6 6. Bc4 b5 7. Bb3 Bb7 8. O-O Bc5 9. Bg5 Ne7 10. Rc1 Qb6 11. Ne5 Ng6 12. Nxf7 Kxf7 13. Nd5 Qd6 14. Rxc5 Qxc5 15. Qf3+ Kg8 16. Rc1 Qf8 17. Qd1 h6 18. Nc7 Kh7 19. Nxa8 Bxa8 20. Qh5 Bxe4 21. f3 Qf5 22. fxe4 Qxg5 23. Qd1 Rf8 24. Rc3 Nc6 25. Qxd7 Nf4 0-1

[Event "Perth AUS Open"]
[Site "?"]
[Date "2023.01.02"]
[Round "1.3"]
[White "Morris, James"]
[Black "Yeung, Evan"]
[Result "1-0"]
[WhiteElo "2456"]
[BlackElo "1608"]
[PlyCount "53"]
[EventDate "2023.01.??"]
[EventRounds "11"]
[EventCountry "AUS"]
[SourceVersionDate "2023.01.02"]

1. e4 c6 2. Nc3 d5 3. Nf3 d4 4. Ne2 c5 5. c3 Nc6 6. cxd4 cxd4 7. Qa4 Bd7 8. Nexd4 a6 9. Qb3 Nxd4 10. Nxd4 Qc7 11. Nf3 e6 12. d3 Nf6 13. Be2 Be7 14. O-O O-O 15. Be3 b5 16. Rac1 Qb7 17. Ne5 Rac8 18. f3 a5 19. d4 a4 20. Qd3 b4 21. Qa6 Qb8 22. Nxd7 Nxd7 23. Qxa4 Nb6 24. Qb5 Qd6 25. d5 Nd7 26. dxe6 Qxe6 27. Bc4 1-0

[Event "Perth AUS Open"]
[Site "?"]
[Date "2023.01.02"]
[Round "1.4"]
[White "McAteer, Ian"]
[Black "Johansen, Darryl K"]
[Result "0-1"]
[WhiteElo "1605"]
[BlackElo "2360"]
[PlyCount "106"]
[EventDate "2023.01.??"]
[EventRounds "11"]
[EventCountry "AUS"]
[SourceVersionDate "2023.01.02"]

1. e4 c5 2. Nc3 Nc6 3. Bb5 Nd4 4. Bc4 e6 5. Nge2 Nf6 6. O-O a6 7. a4 d5 8. exd5 exd5 9. Nxd5 Nxd5 10. Nxd4 cxd4 11. Qh5 Be6 12. Re1 Nf4 13. Rxe6+ Nxe6 14. Bxe6 Qe7 15. Bc4 Qe1+ 16. Bf1 Bd6 17. g3 Qe5 18. Qf3 Rb8 19. d3 O-O 20. Bd2 Qc5 21. Rc1 Rfe8 22. Bh3 Re7 23. Bf5 Qb6 24. Rb1 Rc7 25. Qd1 Re8 26. Be4 Qc5 27. c3 dxc3 28. Bxc3 b6 29. d4 Qg5 30. Qd3 g6 31. Bg2 a5 32. d5 Bc5 33. Rd1 Rd7 34. Qb5 Qg4 35. Rf1 Red8 36. Re1 Qf5 37. Rf1 Ra7 38. Kh1 h5 39. Re1 Rad7 40. h4 Qxf2 41. Qxd7 Qxe1+ 42. Bxe1 Rxd7 43. Bc3 Re7 44. Bf3 Re3 45. Kg2 Kf8 46. Bd2 Rd3 47. Bc3 Ke7 48. Be5 Rd2+ 49. Kh3 Bd4 50. Bc7 Kd7 51. d6 Rxb2 52. Bd5 f5 53. Bc4 Bc5 0-1

[Event "Perth AUS Open"]
[Site "?"]
[Date "2023.01.02"]
[Round "1.6"]
[White "De Jong, Sjef"]
[Black "Wallis, Christopher"]
[Result "0-1"]
[WhiteElo "1593"]
[BlackElo "2313"]
[PlyCount "62"]
[EventDate "2023.01.??"]
[EventRounds "11"]
[EventCountry "AUS"]
[SourceVersionDate "2023.01.02"]

1. e4 e5 2. Nf3 Nc6 3. Bc4 Nf6 4. d4 exd4 5. O-O Nxe4 6. Re1 d5 7. Bxd5 Qxd5 8. Nc3 Qd7 9. Nxe4 Be7 10. Bg5 O-O 11. c3 Bxg5 12. Nfxg5 h6 13. Nf3 dxc3 14. Nxc3 Qxd1 15. Raxd1 Be6 16. Nb5 Rad8 17. Nxc7 Rxd1 18. Rxd1 Bxa2 19. Nb5 Be6 20. h3 a6 21. Nc7 Rd8 22. Rxd8+ Nxd8 23. Nxe6 Nxe6 24. Ne5 Kf8 25. Nc4 Ke7 26. Kf1 Nf4 27. h4 b5 28. Na5 Kd6 29. g3 Nd3 30. b3 Kc7 31. Ke2 Nb4 0-1

[Event "Perth AUS Open"]
[Site "?"]
[Date "2023.01.02"]
[Round "1.7"]
[White "Liu, Yi"]
[Black "Gunawan, Tjermin"]
[Result "1-0"]
[WhiteElo "2303"]
[BlackElo "1593"]
[PlyCount "55"]
[EventDate "2023.01.??"]
[EventRounds "11"]
[EventCountry "AUS"]
[SourceVersionDate "2023.01.02"]

1. e4 c6 2. d4 d5 3. exd5 cxd5 4. Bf4 Bf5 5. c3 a6 6. Qb3 Qd7 7. Nf3 Nc6 8. Nbd2 e6 9. Nh4 Bg6 10. Nxg6 hxg6 11. Nf3 Nf6 12. Bd3 Rc8 13. O-O Be7 14. Rfe1 Nh7 15. Re2 g5 16. Bg3 g4 17. Ne5 Nxe5 18. Bxe5 Nf6 19. a4 Kf8 20. a5 Qc6 21. Re3 Bd6 22. Rae1 Rc7 23. Qd1 Bxe5 24. dxe5 d4 25. cxd4 Nd5 26. Rg3 f5 27. exf6 gxf6 28. Qxg4 1-0

[Event "Perth AUS Open"]
[Site "?"]
[Date "2023.01.02"]
[Round "1.8"]
[White "Roebuck, Derek"]
[Black "Gong, Patrick"]
[Result "0-1"]
[WhiteElo "1592"]
[BlackElo "2292"]
[PlyCount "64"]
[EventDate "2023.01.??"]
[EventRounds "11"]
[EventCountry "AUS"]
[SourceVersionDate "2023.01.02"]

1. e4 d6 2. d4 Nf6 3. Nc3 g6 4. Bg5 Bg7 5. e5 Nfd7 6. exd6 cxd6 7. Qd2 Nf6 8. O-O-O a6 9. Bh6 Bxh6 10. Qxh6 Qa5 11. Qd2 b5 12. Ne4 Qxd2+ 13. Nxd2 Nc6 14. c3 Bf5 15. f3 h5 16. Re1 Kd7 17. Ne4 Nd5 18. Kd2 h4 19. Bd3 Nf4 20. Bf1 b4 21. Nh3 bxc3+ 22. bxc3 Nxh3 23. gxh3 Rhb8 24. Ke3 Rb2 25. Bc4 Na5 26. Bxf7 e6 27. Rhg1 Nc4+ 28. Kf4 Rf8 29. Ng5 Ke7 30. Nxe6 Rxf7 31. Ng5+ Kf6 32. Nxf7 Kxf7 0-1

[Event "Perth AUS Open"]
[Site "?"]
[Date "2023.01.02"]
[Round "1.9"]
[White "Stojic, Dusan"]
[Black "Xiao Zhou Ning"]
[Result "1-0"]
[WhiteElo "2219"]
[BlackElo "1583"]
[PlyCount "57"]
[EventDate "2023.01.??"]
[EventRounds "11"]
[EventCountry "AUS"]
[SourceVersionDate "2023.01.02"]

1. Nf3 Nf6 2. c4 e6 3. g3 d5 4. Bg2 Be7 5. O-O O-O 6. b3 c5 7. Bb2 b6 8. cxd5 Nxd5 9. d3 Bb7 10. Nbd2 Bf6 11. Bxf6 Qxf6 12. e4 Nb4 13. Nc4 Qe7 14. a3 N4c6 15. e5 Rd8 16. Nd6 f6 17. Nxb7 Qxb7 18. exf6 gxf6 19. Nh4 Qc7 20. Qg4+ Kf7 21. Rae1 Re8 22. Nf5 Kf8 23. Qh4 Qf7 24. Nd6 Qe7 25. Qh6+ Kg8 26. Nxe8 Qxe8 27. Bd5 Nd4 28. Rxe6 Nxe6 29. Qxf6 1-0

[Event "Perth AUS Open"]
[Site "?"]
[Date "2023.01.02"]
[Round "1.10"]
[White "Simonds, Marcus"]
[Black "Jordan, William"]
[Result "0-1"]
[WhiteElo "1581"]
[BlackElo "2181"]
[PlyCount "64"]
[EventDate "2023.01.??"]
[EventRounds "11"]
[EventCountry "AUS"]
[SourceVersionDate "2023.01.02"]

1. d4 b6 2. Nf3 Bb7 3. Bf4 e6 4. e3 f5 5. Nbd2 Nf6 6. c3 g6 7. h4 h6 8. Ne5 Rg8 9. Ndf3 d6 10. Nd3 Qe7 11. Rg1 Nbd7 12. Be2 Bg7 13. Qa4 a6 14. c4 Kf7 15. O-O-O b5 16. Qb3 Rab8 17. Kb1 Be4 18. Ka1 a5 19. Rd2 a4 20. Qc2 c5 21. Qc1 bxc4 22. Qxc4 Bd5 23. Qc1 Ne4 24. Rc2 e5 25. dxe5 dxe5 26. Bg3 Nxg3 27. fxg3 a3 28. Nxc5 Nxc5 29. b4 Ne6 30. e4 Bxe4 31. Bc4 Bxc2 32. Qxc2 e4+ 0-1

[Event "Perth AUS Open"]
[Site "?"]
[Date "2023.01.02"]
[Round "1.11"]
[White "Fu Yihe, Rebo"]
[Black "Schiavone, Emmanuel"]
[Result "1-0"]
[WhiteElo "2149"]
[BlackElo "1573"]
[PlyCount "97"]
[EventDate "2023.01.??"]
[EventRounds "11"]
[EventCountry "AUS"]
[SourceVersionDate "2023.01.02"]

1. e4 c5 2. Nf3 e6 3. d4 cxd4 4. Nxd4 Nc6 5. Nc3 Qc7 6. Be3 a6 7. Qd2 Nf6 8. f3 Be7 9. O-O-O O-O 10. g4 Ne5 11. h4 b5 12. h5 b4 13. Na4 Rd8 14. g5 Ne8 15. g6 fxg6 16. hxg6 Nxg6 17. f4 Bb7 18. Bd3 Nf6 19. Qh2 Nf8 20. e5 Ne4 21. Nb3 d5 22. Bb6 Qc6 23. Bxd8 Rxd8 24. Bxe4 dxe4 25. Rxd8 Bxd8 26. Nac5 Ba8 27. Re1 e3 28. Qe2 Bb6 29. Qxa6 Ng6 30. Qc4 Bxc5 31. Nxc5 Nxf4 32. Qxf4 Qxc5 33. Rxe3 Bd5 34. Rg3 Qf8 35. Qxf8+ Kxf8 36. a4 bxa3 37. bxa3 h5 38. Rh3 g6 39. a4 Kg7 40. a5 Kh6 41. a6 g5 42. a7 g4 43. Rd3 Ba8 44. Rd8 Be4 45. a8=Q Bxa8 46. Rxa8 g3 47. Rg8 h4 48. Kd2 Kh5 49. Ke2 1-0

[Event "Perth AUS Open"]
[Site "?"]
[Date "2023.01.02"]
[Round "1.12"]
[White "Umasankar, Naveen Ramnat"]
[Black "Kargosha, Bahman"]
[Result "0-1"]
[WhiteElo "1573"]
[BlackElo "2096"]
[PlyCount "58"]
[EventDate "2023.01.??"]
[EventRounds "11"]
[EventCountry "AUS"]
[SourceVersionDate "2023.01.02"]

1. e4 d5 2. exd5 Nf6 3. Nf3 Nxd5 4. d4 g6 5. c4 Nb6 6. Nc3 Bg7 7. Be2 O-O 8. O-O Nc6 9. Be3 Bg4 10. d5 Bxf3 11. Bxf3 Ne5 12. Be2 Nexc4 13. Bxc4 Nxc4 14. Rc1 Nxe3 15. fxe3 Qd7 16. Qb3 Rab8 17. Nb5 a6 18. Nxc7 Be5 19. d6 Bxd6 20. Nd5 Qe6 21. Qd3 Rbd8 22. e4 Qe5 23. g3 Qxb2 24. Rb1 Qe5 25. Rxb7 e6 26. Ne3 Bc5 27. Qe2 Qxe4 28. Rb3 Rd7 29. Kf2 Rfd8 0-1

[Event "Perth AUS Open"]
[Site "?"]
[Date "2023.01.02"]
[Round "1.13"]
[White "Qi, Mars"]
[Black "Stokes, Mark C"]
[Result "1-0"]
[WhiteElo "2087"]
[BlackElo "1569"]
[PlyCount "85"]
[EventDate "2023.01.??"]
[EventRounds "11"]
[EventCountry "AUS"]
[SourceVersionDate "2023.01.02"]

1. e4 d5 2. exd5 Qxd5 3. Nf3 Bf5 4. Be2 Nf6 5. O-O e6 6. d4 c6 7. c4 Qd8 8. Nc3 Bd6 9. Qb3 b6 10. h3 h6 11. Re1 O-O 12. Be3 Nbd7 13. Rad1 Qc7 14. Bf1 Rad8 15. Qa4 Rfe8 16. b4 Be7 17. Bc1 a5 18. a3 axb4 19. axb4 Ra8 20. Qb3 Ra7 21. Bb2 Rea8 22. d5 Bf8 23. Nd4 cxd5 24. Ncb5 dxc4 25. Bxc4 Qf4 26. Bc1 Qh4 27. Nxf5 exf5 28. Bxf7+ Kh8 29. Nxa7 Rxa7 30. Qf3 Qxb4 31. Qxf5 Ra5 32. Qe6 Rc5 33. Be8 Rc7 34. Bd2 Qa4 35. Rc1 Bc5 36. Be3 Qb4 37. Bxd7 Rxd7 38. Bxh6 Re7 39. Qc8+ Kh7 40. Rxe7 Bxe7 41. Be3 b5 42. Qf5+ Kg8 43. Rb1 1-0

[Event "Perth AUS Open"]
[Site "?"]
[Date "2023.01.02"]
[Round "1.14"]
[White "De Vas, Yonal"]
[Black "Lakner, Jay"]
[Result "0-1"]
[WhiteElo "1558"]
[BlackElo "2060"]
[PlyCount "42"]
[EventDate "2023.01.??"]
[EventRounds "11"]
[EventCountry "AUS"]
[SourceVersionDate "2023.01.02"]

1. d4 f5 2. c4 Nf6 3. g3 g6 4. Bg2 Bg7 5. Nc3 O-O 6. Nf3 d6 7. O-O Nc6 8. d5 Ne5 9. Qb3 h6 10. Nd2 g5 11. e4 f4 12. Nf3 Nxf3+ 13. Bxf3 g4 14. Bxg4 Nxg4 15. Bxf4 Qe8 16. Nb5 Qh5 17. h4 Ne5 18. Bxe5 Bxe5 19. Nxc7 Rf3 20. Qb5 Bxg3 21. Nxa8 Bxh4 0-1

[Event "Perth AUS Open"]
[Site "?"]
[Date "2023.01.02"]
[Round "1.15"]
[White "Teh Rui Gen"]
[Black "Lee, Alexandre KM"]
[Result "1-0"]
[WhiteElo "2028"]
[BlackElo "1558"]
[PlyCount "173"]
[EventDate "2023.01.??"]
[EventRounds "11"]
[EventCountry "AUS"]
[SourceVersionDate "2023.01.02"]

1. e4 e6 2. f4 d5 3. e5 c5 4. Nf3 Nc6 5. c3 Qb6 6. Na3 Bd7 7. Nc2 Be7 8. d4 Rc8 9. Bd3 Nh6 10. Rb1 a5 11. O-O O-O 12. h3 cxd4 13. Ncxd4 Nxd4 14. Nxd4 Bc5 15. Be3 Bb5 16. g4 f5 17. exf6 gxf6 18. Kg2 Bxd3 19. Qxd3 Nf7 20. Rfe1 Rfe8 21. g5 fxg5 22. fxg5 e5 23. Nf5 Bxe3 24. Nxe3 d4 25. Ng4 Qc6+ 26. Kg3 Kh8 27. Qf5 Qg6 28. Rf1 Qxf5 29. Rxf5 Nd6 30. Rxe5 Rxe5 31. Nxe5 dxc3 32. bxc3 Rxc3+ 33. Kg4 Re3 34. Nd7 Rd3 35. Nf6 Rd4+ 36. Kf3 Rd3+ 37. Kg4 Rd4+ 38. Kg3 Rd3+ 39. Kf4 Kg7 40. h4 b5 41. Re1 Rd4+ 42. Ke5 Rd2 43. Nh5+ Kg6 44. Nf4+ Kf7 45. h5 Nc4+ 46. Kf5 Nd6+ 47. Ke5 Nc4+ 48. Kf5 Nd6+ 49. Kg4 Rd4 50. g6+ hxg6 51. hxg6+ Kg8 52. Kg5 Ne4+ 53. Kf5 Nd6+ 54. Ke5 Rd2 55. Kf6 Rf2 56. Kg5 Rd2 57. Re7 Rd1 58. Ra7 Rc1 59. Ra8+ Rc8 60. Rxa5 Rc5+ 61. Kg4 Rc4 62. Ra7 b4 63. Rd7 Rd4 64. Ra7 Rc4 65. Kg5 Rc5+ 66. Kg4 Rc4 67. Ra6 Rd4 68. Kg5 Ne4+ 69. Kh6 Rd8 70. Ra7 Nd6 71. Rg7+ Kh8 72. Rh7+ Kg8 73. Nh5 Ne4 74. Re7 Nd6 75. Nf6+ Kf8 76. Rh7 Nf5+ 77. Kg5 Ng7 78. Rh8+ Ke7 79. Rxd8 Kxd8 80. Nd5 b3 81. axb3 Kd7 82. Kf6 Ne8+ 83. Kf7 Nd6+ 84. Kf8 Nf5 85. g7 Nxg7 86. Kxg7 Kd6 87. Ne3 1-0

[Event "Perth AUS Open"]
[Site "?"]
[Date "2023.01.02"]
[Round "1.16"]
[White "Cadag, Herbert"]
[Black "Hare, Tim"]
[Result "0-1"]
[WhiteElo "1557"]
[BlackElo "2017"]
[PlyCount "58"]
[EventDate "2023.01.??"]
[EventRounds "11"]
[EventCountry "AUS"]
[SourceVersionDate "2023.01.02"]

1. e4 d6 2. Bc4 Nf6 3. Nc3 e5 4. Nge2 Nbd7 5. O-O c6 6. a3 Qc7 7. Ng3 Nb6 8. Ba2 h5 9. h3 h4 10. Nge2 g5 11. d4 Rg8 12. dxe5 dxe5 13. f3 Bc5+ 14. Kh1 Be6 15. b4 Rd8 16. Qe1 Bd4 17. Bxe6 fxe6 18. Nxd4 exd4 19. e5 Nh5 20. Ne4 Qxe5 21. f4 Qxe4 22. Qxe4 Ng3+ 23. Kg1 Nxe4 24. Re1 Nc3 25. Rxe6+ Kf7 26. f5 Nbd5 27. Bb2 Nf4 28. Rf1 Nxe6 29. fxe6+ Kxe6 0-1

[Event "Perth AUS Open"]
[Site "?"]
[Date "2023.01.02"]
[Round "1.17"]
[White "Vlietstra, Marc"]
[Black "Deng, Eric"]
[Result "1-0"]
[WhiteElo "2007"]
[BlackElo "1544"]
[PlyCount "53"]
[EventDate "2023.01.??"]
[EventRounds "11"]
[EventCountry "AUS"]
[SourceVersionDate "2023.01.02"]

1. e4 e6 2. d4 d5 3. exd5 exd5 4. Nf3 Bd6 5. c4 Nf6 6. Bd3 c6 7. h3 dxc4 8. Bxc4 O-O 9. O-O b5 10. Bd3 Na6 11. Nc3 Nb4 12. Bb1 h6 13. Be3 Re8 14. Qd2 Bf8 15. a4 Be6 16. Ne5 Bd6 17. axb5 cxb5 18. Nxb5 Bxe5 19. dxe5 Qxd2 20. Bxd2 Bc4 21. exf6 Bxb5 22. Bxb4 Bxf1 23. Kxf1 gxf6 24. Bc3 Re6 25. Ba2 Ra6 26. Bxf7+ Kxf7 27. Rxa6 1-0

[Event "Perth AUS Open"]
[Site "?"]
[Date "2023.01.02"]
[Round "1.18"]
[White "Koh, Shannon"]
[Black "Kelly, Adam"]
[Result "1/2-1/2"]
[WhiteElo "1541"]
[BlackElo "2006"]
[PlyCount "86"]
[EventDate "2023.01.??"]
[EventRounds "11"]
[EventCountry "AUS"]
[SourceVersionDate "2023.01.02"]

1. e4 e5 2. Nf3 Nc6 3. Bb5 a6 4. Ba4 Nf6 5. O-O Be7 6. d3 b5 7. Bb3 O-O 8. c3 d6 9. a4 Bb7 10. Bc2 Qd7 11. Re1 Rfe8 12. Bg5 h6 13. Bh4 d5 14. exd5 Nxd5 15. Bg3 f6 16. Nbd2 Bc5 17. Nf1 Bb6 18. Ne3 Nxe3 19. fxe3 Rad8 20. Nh4 g5 21. Nf3 e4 22. dxe4 Qxd1 23. Raxd1 Rxd1 24. Bxd1 Rxe4 25. Nd4 Nxd4 26. exd4 Rxe1+ 27. Bxe1 Bd5 28. g4 Kf7 29. Kf2 c5 30. dxc5 Bxc5+ 31. Ke2 Be6 32. Kf3 Bd5+ 33. Ke2 Be6 34. Kf3 f5 35. gxf5 Bxf5 36. axb5 axb5 37. Be2 g4+ 38. Kf4 Kf6 39. Bg3 Bd6+ 40. Ke3 Bc5+ 41. Kf4 Bd6+ 42. Ke3 Bc5+ 43. Kf4 Bd6+ 1/2-1/2

[Event "Perth AUS Open"]
[Site "?"]
[Date "2023.01.02"]
[Round "1.19"]
[White "Salasan, Haran"]
[Black "Vujasin, Nikola"]
[Result "1-0"]
[WhiteElo "2002"]
[BlackElo "1539"]
[PlyCount "55"]
[EventDate "2023.01.??"]
[EventRounds "11"]
[EventCountry "AUS"]
[SourceVersionDate "2023.01.02"]

1. d4 Nf6 2. Bf4 g6 3. Nf3 Bg7 4. e3 O-O 5. Be2 d5 6. h3 c5 7. c3 Nc6 8. Nbd2 b6 9. O-O Bb7 10. Qa4 Ne4 11. Nxe4 dxe4 12. Nh2 cxd4 13. exd4 e5 14. dxe5 Nxe5 15. Rad1 Nd3 16. Qc2 Qd5 17. c4 Qc6 18. Bg3 Bxb2 19. f3 Ne5 20. Qxb2 Nxc4 21. Bxc4 Qxc4 22. Ng4 f6 23. Nxf6+ Rxf6 24. Qxf6 Rf8 25. Qe7 Bc6 26. Be5 Qc5+ 27. Qxc5 bxc5 28. Bd6 1-0

[Event "Perth AUS Open"]
[Site "?"]
[Date "2023.01.02"]
[Round "1.20"]
[White "Arthur, James"]
[Black "Kinsman, Craig C"]
[Result "0-1"]
[WhiteElo "1534"]
[BlackElo "1986"]
[PlyCount "76"]
[EventDate "2023.01.??"]
[EventRounds "11"]
[EventCountry "AUS"]
[SourceVersionDate "2023.01.02"]

1. e4 c5 2. Nf3 d6 3. d4 cxd4 4. Nxd4 Nf6 5. Nc3 a6 6. f3 e5 7. Nb3 Be6 8. Be3 h5 9. Qd2 Nbd7 10. Nd5 Bxd5 11. exd5 Qc7 12. O-O-O Nb6 13. Qa5 Rc8 14. c3 Nc4 15. Qxc7 Rxc7 16. Bxc4 Rxc4 17. Na5 Rc7 18. Rhe1 Be7 19. f4 e4 20. Bd4 O-O 21. Bxf6 Bxf6 22. Rxe4 Bd8 23. Nc4 f5 24. Red4 Bf6 25. Nxd6 Bxd4 26. Rxd4 b5 27. Rb4 Rd7 28. Nxb5 axb5 29. Rxb5 Re8 30. Kd2 Re4 31. g3 h4 32. b3 h3 33. a4 g6 34. a5 Rde7 35. a6 Re2+ 36. Kd1 Rxh2 37. Rb7 Re8 38. a7 Ra2 0-1

[Event "Perth AUS Open"]
[Site "?"]
[Date "2023.01.02"]
[Round "1.21"]
[White "Bassig, Hamish"]
[Black "Marriott, Max"]
[Result "1-0"]
[WhiteElo "1973"]
[BlackElo "1533"]
[PlyCount "39"]
[EventDate "2023.01.??"]
[EventRounds "11"]
[EventCountry "AUS"]
[SourceVersionDate "2023.01.02"]

1. d4 Nf6 2. Nf3 d5 3. Bf4 c6 4. e3 Bf5 5. c4 e6 6. Qb3 Qb6 7. c5 Qxb3 8. axb3 Nbd7 9. Nc3 Be7 10. h3 O-O 11. b4 h6 12. b5 Rfe8 13. bxc6 bxc6 14. Ba6 e5 15. Nxe5 Nxe5 16. Bxe5 Bc8 17. b4 Nd7 18. Bh2 Bf6 19. Kd2 Nb8 20. Bd3 1-0

[Event "Perth AUS Open"]
[Site "?"]
[Date "2023.01.02"]
[Round "1.22"]
[White "Taylor, Noah"]
[Black "Li Hui"]
[Result "0-1"]
[WhiteElo "1525"]
[BlackElo "1956"]
[PlyCount "84"]
[EventDate "2023.01.??"]
[EventRounds "11"]
[EventCountry "AUS"]
[SourceVersionDate "2023.01.02"]

1. e4 c5 2. Nf3 e6 3. d4 cxd4 4. Nxd4 Nf6 5. Nc3 d6 6. Be3 a6 7. Be2 Be7 8. O-O O-O 9. f4 Qc7 10. Rf3 b5 11. a3 Bb7 12. Bd3 Ng4 13. Rh3 Nxe3 14. Qh5 h6 15. Rxe3 Qc5 16. Qxc5 dxc5 17. Nf3 c4 18. Be2 Bc5 19. Kf2 Nd7 20. Rd1 Bxe3+ 21. Kxe3 Rfd8 22. a4 b4 23. Na2 a5 24. Bxc4 Nc5 25. Bd3 Nxa4 26. b3 Nc5 27. Nc1 Rac8 28. Rd2 Kf8 29. g4 Ke7 30. h4 Nxd3 31. Nxd3 Ba6 32. Nd4 Bxd3 33. Rxd3 f6 34. Rd1 Rc3+ 35. Rd3 Rxd3+ 36. cxd3 Rc8 37. Kd2 g6 38. f5 gxf5 39. exf5 e5 40. Nf3 Rc3 41. g5 hxg5 42. hxg5 e4 0-1

[Event "Perth AUS Open"]
[Site "?"]
[Date "2023.01.02"]
[Round "1.23"]
[White "Nguyen Hong Anh"]
[Black "Huang Hui"]
[Result "1-0"]
[WhiteElo "1954"]
[BlackElo "1514"]
[PlyCount "59"]
[EventDate "2023.01.??"]
[EventRounds "11"]
[EventCountry "AUS"]
[SourceVersionDate "2023.01.02"]

1. d4 Nf6 2. c4 g6 3. g3 Bg7 4. Bg2 O-O 5. Nf3 c6 6. Nc3 d5 7. cxd5 cxd5 8. Ne5 Nc6 9. O-O Bf5 10. Nxc6 bxc6 11. b3 Ne4 12. Bb2 Nxc3 13. Bxc3 Qb6 14. Qd2 Rfe8 15. Rac1 e5 16. dxe5 Bxe5 17. Bb4 Bg7 18. Bc5 Qb7 19. e3 Be4 20. Bh3 Bf3 21. Bd4 Re4 22. Bxg7 Kxg7 23. Qc3+ Kg8 24. Qf6 Be2 25. Rfe1 Bb5 26. a4 Bd3 27. Rc3 Qa6 28. Rxc6 Qb7 29. Rec1 Ree8 30. Rc7 1-0

[Event "Perth AUS Open"]
[Site "?"]
[Date "2023.01.02"]
[Round "1.24"]
[White "Yu Leiming"]
[Black "Maris, Rob"]
[Result "0-1"]
[WhiteElo "1511"]
[BlackElo "1925"]
[PlyCount "50"]
[EventDate "2023.01.??"]
[EventRounds "11"]
[EventCountry "AUS"]
[SourceVersionDate "2023.01.02"]

1. d4 Nf6 2. c4 e6 3. Nf3 b6 4. g3 Bb7 5. Bg2 Bb4+ 6. Bd2 Be7 7. Nc3 O-O 8. O-O d6 9. Bf4 Ne4 10. Qd3 Nxc3 11. bxc3 f5 12. Qe3 Qc8 13. Ng5 Bxg2 14. Kxg2 Bxg5 15. Bxg5 Qb7+ 16. Kg1 Re8 17. Qd3 Nc6 18. e4 fxe4 19. Qxe4 Na5 20. Qd3 Qa6 21. Rfe1 Qxc4 22. Qf3 Qc6 23. Qd3 Qd5 24. Be3 Nc4 25. Bg5 Ne5 0-1

[Event "Perth AUS Open"]
[Site "?"]
[Date "2023.01.02"]
[Round "1.25"]
[White "Tan Zhong Kai"]
[Black "Gunawan, Marco"]
[Result "1-0"]
[WhiteElo "1923"]
[BlackElo "1507"]
[PlyCount "71"]
[EventDate "2023.01.??"]
[EventRounds "11"]
[EventCountry "AUS"]
[SourceVersionDate "2023.01.02"]

1. e4 d5 2. exd5 Nf6 3. Bb5+ Bd7 4. Bc4 c6 5. dxc6 Nxc6 6. Nc3 e5 7. d3 Bc5 8. Nf3 Bg4 9. h3 Bh5 10. g4 Bg6 11. Bg5 e4 12. Qe2 O-O 13. Nxe4 Re8 14. O-O-O Qb6 15. Bxf6 Bxe4 16. dxe4 gxf6 17. Rd7 Re7 18. Rxe7 Nxe7 19. g5 Bxf2 20. gxf6 Ng6 21. Kb1 Bd4 22. Nxd4 Qxd4 23. Qd3 Qc5 24. Qd5 Qc7 25. Rd1 Ne5 26. Bb3 Re8 27. h4 h6 28. Qd2 Kh7 29. Rg1 Ng6 30. h5 Qc5 31. hxg6+ fxg6 32. Qd7+ Re7 33. Qxe7+ Qxe7 34. fxe7 Kg7 35. e8=Q Kh7 36. Qg8# 1-0

[Event "Perth AUS Open"]
[Site "?"]
[Date "2023.01.02"]
[Round "1.26"]
[White "Phillips, Max"]
[Black "Novakovic, Velibor"]
[Result "1-0"]
[WhiteElo "1506"]
[BlackElo "1911"]
[PlyCount "51"]
[EventDate "2023.01.??"]
[EventRounds "11"]
[EventCountry "AUS"]
[SourceVersionDate "2023.01.02"]

1. e4 e5 2. Nf3 Nc6 3. Bb5 Nf6 4. O-O Bc5 5. c3 O-O 6. d4 exd4 7. cxd4 Bb6 8. Nc3 d6 9. Bg5 h6 10. Bh4 Bg4 11. Bxc6 bxc6 12. e5 dxe5 13. dxe5 Qxd1 14. Raxd1 Nd7 15. Rfe1 Rfe8 16. Bg3 Rab8 17. Na4 Bc5 18. Re4 Rb4 19. Rxb4 Bxb4 20. Rd4 Rd8 21. e6 Bxe6 22. Rxb4 Ne5 23. Nc3 Nd3 24. Rd4 Rxd4 25. Nxd4 Nxb2 26. Nxc6 1-0

[Event "Perth AUS Open"]
[Site "?"]
[Date "2023.01.02"]
[Round "1.27"]
[White "Holland, Dennis"]
[Black "Rafiei Darani, Daryoush"]
[Result "1-0"]
[WhiteElo "1899"]
[BlackElo "1504"]
[PlyCount "103"]
[EventDate "2023.01.??"]
[EventRounds "11"]
[EventCountry "AUS"]
[SourceVersionDate "2023.01.02"]

1. d4 Nf6 2. Nf3 g6 3. g3 Bg7 4. Bg2 O-O 5. O-O d6 6. Nbd2 Nbd7 7. e4 e5 8. dxe5 dxe5 9. Qe2 c6 10. Rd1 Qc7 11. Nc4 Nc5 12. Ncxe5 Nfxe4 13. Bf4 Qe7 14. Nc4 Qe6 15. Nd4 Nxg3 16. Qxe6 Nxe6 17. Nxe6 Ne2+ 18. Kf1 Bxe6 19. Kxe2 Bxc4+ 20. Kf3 g5 21. Bxg5 Bd5+ 22. Kg3 Bxb2 23. Rab1 Be5+ 24. f4 Bxg2 25. fxe5 Bd5 26. Bf6 h6 27. Rxb7 Kh7 28. Kf4 Rg8 29. h4 Rg2 30. h5 Bxa2 31. Rdd7 Kg8 32. Rxa7 Rxa7 33. Rxa7 Rf2+ 34. Ke3 Rxf6 35. exf6 Bd5 36. Ra8+ Kh7 37. Rd8 Be6 38. Kf4 Bc4 39. Rd2 Bf1 40. Ke5 Bh3 41. Kd6 Bg4 42. Rh2 Bf3 43. c4 Be4 44. Rh4 Bf3 45. Ke7 Kg8 46. Rh3 Be2 47. Rg3+ Kh8 48. Kxf7 c5 49. Kg6 Bd1 50. Kxh6 Bxh5 51. Kxh5 Kh7 52. f7 1-0

[Event "Perth AUS Open"]
[Site "?"]
[Date "2023.01.02"]
[Round "1.28"]
[White "McCarrick, Clare"]
[Black "Norris, Damian"]
[Result "0-1"]
[WhiteElo "1488"]
[BlackElo "1890"]
[PlyCount "40"]
[EventDate "2023.01.??"]
[EventRounds "11"]
[EventCountry "AUS"]
[SourceVersionDate "2023.01.02"]

1. e4 c5 2. Nf3 e6 3. Be2 Nc6 4. c4 Nf6 5. Nc3 d5 6. exd5 exd5 7. cxd5 Nxd5 8. O-O Be7 9. d4 Nxc3 10. bxc3 Be6 11. Re1 O-O 12. Bf4 Bf6 13. Be3 Qa5 14. c4 cxd4 15. Nxd4 Nxd4 16. Bxd4 Rad8 17. Qb3 Bxd4 18. Qxb7 Bxa1 19. Rxa1 Qc3 20. Qb3 Qxa1+ 0-1